000 00567nam a22001937a 4500
003 BUBTL
008 170524b xxu||||| |||| 00| 0 eng d
020 _a978-0-85709-499-5
082 _a677ZHA
100 _91216
_aZhang,Dong
245 _aAdvances in Filament Yarn Spinning of Textiles and Polymers
260 _aAmsterdam
_bThe Textile Institute
_cc2014
300 _a[xix],210p.
_bills.
_c21cm.
650 0 _9909
_aTextile Engineering
700 _91217
_aZhang,Dong
856 _k0
_l0
_yDownload
942 _2ddc
_cBK
999 _c5458
_d5458